000 00631nam a2200217 u 4500
005 20230623063604.0
008 120613s2006 mx r 000 0 spa d
020 _a9789708200417
035 _aUPN01000185043
049 _aI
050 4 _aPZ78
_bB4.4 2006
100 1 _aBlanco Palacios, María Eugenia,
_d1968-
_932437
245 1 4 _aLos lentes Mágicos /
_cMaría Eugenia Blanco Palacios.
250 _a2a ed.
260 _aMéxico :
_bEl Arca,
_c2006.
300 _a101 p. :
_bil.
440 0 _aContenido de formación infantil
650 4 _aCuentos infantiles mexicanos
_97723
905 _aInfantil
999 _c157146
_d157146